|
|
|
|
| LEADER |
00000nab a2200000uu 4500 |
| 001 |
vtls011153602 |
| 003 |
SK-MaSNL |
| 005 |
20260303151228.0 |
| 008 |
230222|2013 xo |||||||||||||||||eng| |
| 015 |
|
|
|a SNBRB
|
| 035 |
|
|
|a (urnnbn)urn:nbn:sk:snk:ar-a0a5vo
|
| 035 |
|
|
|a (uuid)81fae4b0-61a7-42ac-8c56-655722fd5517
|
| 035 |
|
|
|a urn:nbn:sk:snk-abb2j7
|
| 040 |
|
|
|a SNKBUCL
|b slo
|c SNKBUCL
|e AACR2
|
| 041 |
0 |
|
|a eng
|
| 044 |
|
|
|a xo
|c SK
|
| 100 |
1 |
|
|a Petrillová, Jana
|4 aut
|9 413322
|
| 245 |
1 |
0 |
|a ON THE OPTIMAL DRAWINGS OF PRODUCTS OF PATHS WITH GRAPHS
|c Jana Petrillová, Marián Klešč
|
| 700 |
1 |
|
|a Klešč, Marián
|4 aut
|9 10964
|
| 773 |
0 |
|
|t Acta electrotechnica et informatica : (Tlačené vyd.)
|g Roč. 13, č. 3 (2013), s. 56-61
|
| 954 |
|
|
|a odborná, vedecká literatúra pôvodná (slovenská)
|2 lita
|
| 958 |
|
|
|a OND
|
| 958 |
|
|
|a EUIPO
|
| 958 |
|
|
|a article14
|
| 999 |
|
|
|c 2016707
|d 2018637
|